000 00464nam a2200169Ia 4500
005 20250508161545.0
008 008 250505s9999 xx 000 0 eng d
037 _aBooks to be hide in OPAC
040 _aFEDL
_beng
_cFEDL
041 _aeng
_2eng
084 _a370.15, CIE/O
_qFEDL
245 0 _aC. I. E. studies in education and psychology
245 0 _cC. I. E.
300 _a172p.
942 _cHB
_h370.15, CIE/O
999 _c1370758
_d1370758